Serie B - Play-off de promotion - Statistiques

Statistiques générales
  • Ce quiz a été pris 13 fois
    7 depuis la dernière actualisation
  • Le résultat moyen est 45 sur 106
Statistiques - réponses
Saison Classement Clubs % Correct
6ème | 8ème AC ChievoVerona
71%
2003-2004 6ème Serie B ACF Fiorentina
71%
4ème Bologne FC
71%
5ème Cagliari Calcio
71%
4ème | 5ème | 7ème Empoli FC
71%
4ème | 5ème Hellas Vérone
71%
4ème | 6ème | 8ème Palermo FC
71%
4ème Parma Calcio 1913
71%
2011-2012 6ème | 7ème UC Sampdoria
71%
3ème | 5ème | 8ème Venezia FC
71%
3ème | 4ème | 5ème | +3 others Brescia Calcio
57%
2005-2006 4ème | 6ème | 7ème Cesena FC
57%
2007-2008 3ème | 6ème Pisa SC
57%
2010-2011 6ème | 7ème Reggina 1914
57%
3ème | 4ème US Sassuolo
57%
7ème A.C. Carpi
43%
5ème Calcio Padoue
43%
6ème FC Südtirol
43%
3ème | 8ème Frosinone Calcio
43%
5ème Modena FC
43%
2013-2014 | 2016-2017 3ème | 5ème | 6ème | +2 others Spezia Calcio
43%
3ème | 5ème | 7ème SSC Bari
43%
5ème SS Juve Stabia
43%
2ème | 3ème | 5ème Torino FC
43%
5ème | 6ème US Catanzaro
43%
4ème US Cremonese
43%
3ème | 4ème US Lecce
43%
3ème US Livorno 1915
43%
3ème | 4ème AC Monza
29%
2009-2010 5ème | 6ème | 7ème AS Cittadella
29%
2004-2005 5ème | 6ème Ascoli Calcio 1898 FC
29%
4ème | 7ème Delfino Pescara
29%
6ème FC Crotone
29%
3ème FC Trapani 1905
29%
3ème | 5ème | 8ème Novare FC
29%
4ème Trévise FBC 1993
29%
4ème UC AlbinoLeffe
29%
15ème Serie A | 3ème | 4ème | +2 others AC Perugia Calcio
14%
2014-2015 8ème AS Avellino 1912
14%
3ème Latina Calcio
14%
3ème L.R. Vicence
14%
4ème Mantova 1911
14%
4ème Pordenone FC
14%
2008-2009 6ème US Grosseto 1912
14%
4ème | 5ème Varèse Calcio
14%
3ème | 5ème | 7ème Benevento Calcio
0%
Aucun quiz correspondant
Distribution des résultats
% des personnes avec chaque résultat
Percentile par nombre de réponses
Votre historique - résultats
Vous n’avez pas pris ce quiz depuis la dernière actualisation